Wappen 2. Bundesliga 2025/26 - Statistiken

Allgemein
  • Dieses Quiz wurde 176 mal gespielt
  • Das Durchschnittsergebnis liegt bei 18 aus 18
Antwortstatistiken
Bildquiz Antwort % Korrekt
1. FC Nürnberg
100%
Hannover 96
100%
1. FC Kaiserslautern
99%
Arminia Bielefeld
99%
Dynamo Dresden
99%
Eintracht Braunschweig
99%
Fortuna Düsseldorf
99%
Greuther Fürth
99%
Hertha BSC
99%
FC Schalke 04
97%
SC Paderborn 07
97%
SV Darmstadt 98
97%
1. FC Magdeburg
96%
Preußen Münster
96%
SV Elversberg
96%
Holstein Kiel
95%
Karlsruher SC
95%
VfL Bochum
95%
Keine übereinstimmenden Quizze gefunden
Verteilung der Resultate
Anzahl Personen mit jedem Resultat
Perzentil nach korrekt beantworteten Fragen
Ihre Resultats-Entwicklung
Sie haben dieses Quiz noch nicht gespielt